test de vitesse - Statistiques

Statistiques générales
  • Ce quiz a été pris 1 202 fois
  • Le résultat moyen est 10 sur 12
Statistiques - réponses
Répondre % Correct
JANVIER
99%
FEVRIER
95%
MARS
94%
AVRIL
92%
MAI
90%
JUIN
88%
JUILLET
84%
AOUT
80%
SEPTEMBRE
70%
OCTOBRE
64%
NOVEMBRE
53%
DECEMBRE
45%
Aucun quiz correspondant
Distribution des résultats
% des personnes avec chaque résultat
Percentile par nombre de réponses
Votre historique - résultats
Vous n’avez pas pris ce quiz